| 000 | 00349nam a2200145Ia 4500 | ||
|---|---|---|---|
| 100 | _aKarandikar/ R.G | ||
| 942 | _cBK | ||
| 654 | _aelectrical | ||
| 245 | _aProblems and solutions in Basic Electrical and electronics engineering | ||
| 260 |
_bNandu Publishers _c2004 |
||
| 082 |
_a621.3 _bKAR |
||
| 300 | _a379 | ||
| 546 | _aENGLISH | ||
| 999 |
_c25455 _d25455 |
||